| 000 | 00753cab a2200241 4500 | ||
|---|---|---|---|
| 001 | ABS56189 | ||
| 008 | 090401t1996 xxu||||| |||| 00| 0 eng d | ||
| 035 | _a(Sirsi) u21804 | ||
| 041 | _aeng | ||
| 100 | _aSmithers, T. | ||
| 245 | _aClean-up liability | ||
| 260 | _c1996 | ||
| 350 | _a0 | ||
| 490 |
_aEstates Gazette _v(9646) 16 November 1996, 144-146(3) |
||
| 520 | _aExamines the DoE`s draft guidance on the contaminated land provisions in the Environment Act 1995, in particular the definition of a polluter. | ||
| 650 | _aCLEAN-UP LIABILITY | ||
| 650 | _aCONTAMINATED LAND | ||
| 650 | _aENVIRONMENT ACT 1995 | ||
| 650 | _aPOLLUTER PAYS PRINCIPLE | ||
| 690 | _aENVIRONMENTAL AND LAND CONSULTANCY | ||
| 942 | _n0 | ||
| 948 | _c04/03/1997 | ||
| 999 |
_c14616 _d14616 |
||